Könyvtár- és informatikai alapismeretek 2 Könyvtárhasználat /
A lecke az SZTE Klebelsberg Könyvtár nyomtatott dokumentumainak megtalálásában, használatában nyújt segítséget.
Elmentve itt :
| Szerző: | |
|---|---|
| Dokumentumtípus: | Vegyes gyűjtemény |
| Megjelent: |
2020
|
| Tárgyszavak: | |
| Online Access: | http://eta.bibl.u-szeged.hu/4235 |
| LEADER | 00831npc a2200169 i 4500 | ||
|---|---|---|---|
| 001 | eta4235 | ||
| 005 | 20201204144050.0 | ||
| 008 | 201204s2020 hu o 0|| hun d | ||
| 040 | |a SZTE Elektronikus Tananyag Archívum |b hun | ||
| 041 | |a hun | ||
| 100 | 1 | |a Aranyi Zoltán | |
| 245 | 1 | 0 | |a Könyvtár- és informatikai alapismeretek 2 |h [elektronikus dokumentum] : |b Könyvtárhasználat / |c Aranyi Zoltán |
| 246 | 1 | 0 | |a Introduction to library and information science 2: How to use the library |h [elektronikus dokumentum] |
| 260 | |c 2020 | ||
| 520 | 3 | |a A lecke az SZTE Klebelsberg Könyvtár nyomtatott dokumentumainak megtalálásában, használatában nyújt segítséget. | |
| 650 | 4 | |a Könyvtártudomány | |
| 856 | 4 | 0 | |u https://eta.bibl.u-szeged.hu/4235/2/nyomtatott_dokumentumok_konyvtarban/nyomtatott_dokumentumok_konyvtarban.html |z Dokumentum-elérés |